Some of the Most Hated People in History Pt 1 - Statistics

General Stats
  • This quiz has been taken 556 times
  • The average score is 15 of 20
Answer Stats
Hint Notable Year Answer % Correct
1939 German Dictator & Anti-Semite Adolf Hitler
98%
2011 North Korean Dictator Famous for Nuclear Weapons and Meeting Donald Trump Kim Jong-Un
94%
2000 Current Russian Dictator Who Invaded Crimea and Eliminated Vladimir Putin
92%
1941 Soviet Dictator who Committed the Purges and the Holodomor Joseph Stalin
90%
1940 Italian Duce & Creator of Fascism Benito Mussolini
88%
2001 Terrorist Leader who Planned 9/11 and Most Wanted Man in the World for a Decade Osama Bin Laden
88%
1918 Founder of the Soviet Union who Rigged Elections and Started Famines Vladimir Lenin
86%
1942 British Prime Minister During WW2 Hated for Brutal Policies in India Winston Churchill
86%
1962 Cuban Dictator and Milk Shake Fanatic Fidel Castro
82%
1888 Famous London Serial Killer with a Hatred for Prostitutes Jack the Ripper
82%
1949 First Chairman of the Communist China who Hated Sparrows Mao Zedong
80%
1941 Emperor of Japan who Killed Almost as Many as the Nazis Hirohito
75%
1991 The Final Soviet Dictator who Raegan Told to TEAR DOWN THAT WALL Mikhail Gorbachev
75%
1865 He Shot Lincoln John Wilkes Booth
72%
1963 He Shot Kennedy Lee Harvey Oswald
66%
1831 US President who Started the Trail of Tears Andrew Jackson
57%
1962 Famous Argentine Socialist and Cuban Minister of Industries who Killed 1000s of Gay People Che Guevara
57%
1929 US President who was in Office at the Beginning of the Great Depression Herbert Hoover
57%
1865 US President who Took Control after Lincoln Was Killed Andrew Johnson
51%
1857 US President Often Blamed for Starting the Civil War James Buchanan
40%
No matching quizzes found
Score Distribution
Percent of People with Each Score
Percentile by Number Answered
Your Score History
You have not taken this quiz